First 100 words of The Picture of Dorian Gray - Statistics

General Stats
  • This quiz has been taken 339 times
  • The average score is 44 of 100
Answer Stats
Answer % Correct
a
96%
The
94%
the
94%
he
86%
and
75%
was
75%
of
71%
on
70%
to
67%
his
63%
there
54%
as
52%
when
52%
so
51%
From
46%
could
45%
with
40%
or
35%
which
33%
came
30%
light
30%
wind
30%
Lord
28%
Henry
27%
summer
27%
garden
26%
now
26%
door
25%
just
25%
beauty
24%
through
24%
roses,
23%
scent
23%
filled
22%
more
22%
trees
21%
lilac,
19%
rich
19%
studio
19%
whose
19%
lying,
18%
Wotton
18%
divan
17%
heavy
17%
odour
17%
smoking,
17%
blossoms
16%
cigarettes,
16%
Persian
16%
theirs;
16%
branches
15%
corner
15%
custom,
15%
perfume
15%
delicate
14%
honey-coloured
14%
stirred
14%
thorn.
14%
able
13%
amidst
13%
bear
13%
burden
13%
catch
13%
gleam
13%
hardly
13%
honey-sweet
13%
innumerable
13%
laburnum,
13%
pink-flowering
13%
saddlebags
13%
seemed
13%
tremulous
13%
flame-like
12%
No matching quizzes found
Score Distribution
Percent of People with Each Score
Percentile by Number Answered
Your Score History
You have not taken this quiz